The art of thinking clearly / (Record no. 368278)
[ view plain ]
| 000 -LEADER | |
|---|---|
| fixed length control field | 00781nam a22002417a 4500 |
| 003 - CONTROL NUMBER IDENTIFIER | |
| control field | 0 |
| 005 - DATE AND TIME OF LATEST TRANSACTION | |
| control field | 20251020084449.0 |
| 008 - FIXED-LENGTH DATA ELEMENTS--GENERAL INFORMATION | |
| fixed length control field | 251020b xxu||||| |||| 00| 0 eng d |
| 020 ## - INTERNATIONAL STANDARD BOOK NUMBER | |
| International Standard Book Number | 978-0-06-234396-3 |
| 050 ## - LIBRARY OF CONGRESS CALL NUMBER | |
| Classification number | BF 442 |
| Item number | .D63 2013 |
| 100 ## - MAIN ENTRY--PERSONAL NAME | |
| Personal name | Dobelli, Rolf, |
| Relator term | author. |
| 245 ## - TITLE STATEMENT | |
| Title | The art of thinking clearly / |
| Statement of responsibility, etc | Rolf Dobelli. |
| 250 ## - EDITION STATEMENT | |
| Edition statement | First U.S. edition. |
| 260 ## - PUBLICATION, DISTRIBUTION, ETC. (IMPRINT) | |
| Place of publication, distribution, etc | New York : |
| Name of publisher, distributor, etc | Harper, |
| Date of publication, distribution, etc | 2013. |
| 300 ## - PHYSICAL DESCRIPTION | |
| Extent | 358 pages ; |
| Dimensions | 18 cm |
| 500 ## - GENERAL NOTE | |
| General note | "Originally published in German as 'Die Kunst des klaren Denkens' by Carl Hanser Verlag, Munich, 2011." |
| 504 ## - BIBLIOGRAPHY, ETC. NOTE | |
| Bibliography, etc | Includes bibliographical references. |
| 650 ## - SUBJECT ADDED ENTRY--TOPICAL TERM | |
| Topical term or geographic name as entry element | Reasoning (Psychology). |
| 650 ## - SUBJECT ADDED ENTRY--TOPICAL TERM | |
| Topical term or geographic name as entry element | Errors - Psychological aspects. |
| 650 ## - SUBJECT ADDED ENTRY--TOPICAL TERM | |
| Topical term or geographic name as entry element | Decision making. |
| 650 ## - SUBJECT ADDED ENTRY--TOPICAL TERM | |
| Topical term or geographic name as entry element | Cognition. |
| 942 ## - ADDED ENTRY ELEMENTS (KOHA) | |
| Source of classification or shelving scheme | Library of Congress Classification |
| Koha item type | Books |
| Withdrawn status | Lost status | Source of classification or shelving scheme | Damaged status | Home library | Current library | Shelving location | Date acquired | Source of acquisition | Sub Shelving location | Total Checkouts | Full call number | Barcode | Date last seen | Price effective from | Koha item type |
|---|---|---|---|---|---|---|---|---|---|---|---|---|---|---|---|
| Library of Congress Classification | Luxembourg Library | Luxembourg Library | High School Section | 11/19/2024 | Library Fund | BF 442 .D63 2013 | 21380 | 10/20/2025 | 10/20/2025 | Books |